000 00407cam a2200181ua 4500
001 9265
008 150225n ii |||gr||||Z||||||eng
040 _cMAIN
041 _aeng
082 _a821
100 _aMundra, S. C.,
_eAuthor.
245 1 _aMIltons lycidas
_cBy S. C. Mundra
250 _a1st.
260 _aBareilly:
_bPrakash,
_c1999.
300 _a178p.
653 _aEnglish poetry
942 _cBK
999 _c8332
_d8332